[Event "Challenge"]
[Site "http://www.queenalice.com/game.php?id=112772"]
[Date "2006.10.3"]
[Round "-"]
[White "Philippe"]
[Black "pattmenezes"]
[Result "1-0"]
[WhiteElo "1576"]
[BlackElo "1236"]

1. e4 e5 2. Nh3 Nc6 3. Qf3 f6 4. Bc4 Nh6 5. d3 a5 6. Bxh6 gxh6 7. Qg4 f5 8. exf5
Bb4+ 9. c3 Bc5 10. Qg7 Rf8 11. f6 Qxf6 12. Qxh7 d5 13. Bxd5 Rh8 14. Qe4 Rg8 15.
Na3 Rxg2 16. Nb5 Bxf2+ 17. Kf1 Rg3 18. Nxf2 h5 19. hxg3 Bd7 20. Nxc7+ Kd8 21.
Nxa8 h4 22. Qh7 Bh3+ 23. Rxh3 Kc8 24. Qc7# 1-0

[Event "AUTO-OPEN-408"]
[Site "http://www.queenalice.com/game.php?id=112824"]
[Date "2006.10.4"]
[Round "1"]
[White "ariel1"]
[Black "pattmenezes"]
[Result "0-1"]
[WhiteElo "1325"]
[BlackElo "1188"]

1. d4 c5 2. e3 f5 3. Qd2 a5 4. a4 h5 5. Qe2 d5 6. Qd2 cxd4 7. Bb5+ Kf7 8. exd4
Bd7 9. f4 Bxb5 10. axb5 Nf6 11. Nf3 Nc6 12. b3 Ng4 13. O-O Nb4 14. Ba3 Nxc2 15.
Qxc2 Rc8 16. Qe2 e6 17. Ne5+ Ke8 18. Ng6 Bxa3 19. Nxa3 Qb6 20. Rab1 Qxd4+ 21.
Kh1 Rc3 22. Nc2 Qb6 23. Rfd1 Rg8 0-1

[Event "AUTO-OPEN-408"]
[Site "http://www.queenalice.com/game.php?id=112825"]
[Date "2006.10.4"]
[Round "1"]
[White "pattmenezes"]
[Black "ariel1"]
[Result "0-1"]
[WhiteElo "1226"]
[BlackElo "1329"]

1. e4 e5 2. Bc4 Qe7 3. Qe2 Nf6 4. Qg4 Nxg4 5. f3 Nh6 6. h4 b5 7. Bxb5 c6 8. Ba4
d6 9. Bxc6+ Bd7 10. Bxa8 g5 11. hxg5 Qxg5 12. Nh3 Qxg2 13. Rg1 Qxh3 14. Nc3 Qxf3
15. Nb5 Bxb5 16. Rh1 Qxe4+ 17. Kf2 Qxa8 18. b3 Qxh1 19. c3 Ng4+ 20. Kg3 Rg8 21.
d3 Qg1+ 0-1

[Event "AUTO-OPEN-408"]
[Site "http://www.queenalice.com/game.php?id=112844"]
[Date "2006.10.4"]
[Round "1"]
[White "pattmenezes"]
[Black "CampbellMarcel"]
[Result "0-1"]
[WhiteElo "1244"]
[BlackElo "1590"]

1. Nf3 c5 2. Nc3 Nc6 3. Nd5 e6 4. Nc3 d5 5. e4 d4 6. Nb5 a6 7. Na3 b5 8. d3 Bd6
9. h4 Nf6 10. g3 O-O 11. Bh3 Nh5 12. Bg5 Be7 13. Bxe7 Qxe7 14. Bg4 Nf6 15. Ng5
Nxg4 16. f3 Ne3 17. Qe2 b4 18. Nc4 Nxc4 19. a3 Ne3 20. a4 h6 21. Nh3 f5 22. exf5
Nxf5 23. Nf4 Nxg3 24. Qg2 Nxh1 25. Qxh1 Rxf4 26. c4 Rxh4 27. Qf1 Qg5 28. Ke2
Qe3+ 29. Kd1 Rh2 30. Rc1 Qd2# 0-1

[Event "AUTO-OPEN-408"]
[Site "http://www.queenalice.com/game.php?id=112845"]
[Date "2006.10.4"]
[Round "1"]
[White "CampbellMarcel"]
[Black "pattmenezes"]
[Result "1-0"]
[WhiteElo "1611"]
[BlackElo "1217"]

1. e4 e5 2. Bc4 Nc6 3. Nf3 Nb4 4. d3 c5 5. Ng5 Nf6 6. Nxf7 Qe7 7. Nxh8 g5 8.
Bxg5 Qg7 9. Bxf6 Qxf6 10. Qh5+ Ke7 11. O-O a5 12. Nc3 Qf4 13. Nd5+ Kd8 14. Nf7+
Ke8 15. Nxf4 Nxc2 16. Nd6+ Ke7 17. Qe8+ Kxd6 18. Qxf8+ Kc6 19. Bd5+ Kb5 20. a4+
Ka6 21. Qf6+ Ka7 22. Rac1 Nd4 23. Rxc5 h5 24. Rxa5+ Kb8 25. Qd6# 1-0

[Event "Challenge"]
[Site "http://www.queenalice.com/game.php?id=114616"]
[Date "2006.10.8"]
[Round "-"]
[White "pattmenezes"]
[Black "koshnarek"]
[Result "0-1"]
[WhiteElo "1228"]
[BlackElo "1481"]

1. e4 d5 2. exd5 Qxd5 3. a4 e6 4. b3 Qe5+ 5. Be2 Qxa1 6. Na3 Bxa3 7. d4 Nf6 8.
Kd2 Bb4+ 9. Ke3 Qc3+ 10. Bd3 Nc6 11. Kf4 Qxd4+ 12. Kg3 Qg4+ 13. Qxg4 Nxg4 14.
Kxg4 f5+ 15. Kg3 Ne5 16. Nh3 Nxd3 17. cxd3 h6 18. Re1 Bxe1 19. Nf4 Kf7 20. Nh5
b6 21. Kh4 Bxf2+ 22. Kh3 Bb7 23. Bf4 c5 24. Be5 Rhd8 25. g4 Rxd3+ 26. Bg3 e5 27.
gxf5 g5 28. Kg4 Bf3+ 29. Kh3 Bxh5 30. Kg2 Bxg3 31. hxg3 Bg4 32. Kf1 Rad8 33. Kg2
Rxb3 34. Kg1 Rd2 35. a5 Rb1# 0-1

[Event "Desafio"]
[Site "http://www.queenalice.com/game.php?id=115443"]
[Date "2006.10.10"]
[Round "-"]
[White "pattmenezes"]
[Black "iwanikow"]
[Result "0-1"]
[WhiteElo "1236"]
[BlackElo "1583"]

1. e4 c5 2. c4 e5 3. g4 d6 4. a4 g6 5. h4 Nc6 6. b3 Bg7 7. f3 Nge7 8. d3 Nd4 9.
Ba3 O-O 10. Nh3 Nec6 11. Bg2 Qxh4+ 12. Kf1 Bh6 13. g5 Bxg5 14. Nd2 Bxd2 15. Kg1
Bf4 16. b4 Nxb4 17. Bxb4 cxb4 18. Nxf4 Qxf4 19. Rb1 a5 20. Rh6 b3 21. Bf1 Nxf3+
22. Kf2 Nd2+ 23. Kg1 Nxb1 24. Qxb1 Qxh6 25. c5 Qe3+ 26. Kh1 f5 27. exf5 Rxf5 28.
Bh3 Qxh3+ 29. Kg1 Qg4+ 0-1

[Event "jogo serio "]
[Site "http://www.queenalice.com/game.php?id=116411"]
[Date "2006.10.12"]
[Round "-"]
[White "koshnarek"]
[Black "pattmenezes"]
[Result "1-0"]
[WhiteElo "1487"]
[BlackElo "1222"]

1. e4 e5 2. Bc4 Nf6 3. f3 c5 4. Nc3 b6 5. Nd5 Nc6 6. Nxf6+ gxf6 7. Bd5 Bb7 8. c3
Bh6 9. Ne2 Rg8 10. g4 Rg5 11. d3 Rb8 12. Bxg5 fxg5 13. Qd2 Qe7 14. Ng3 Qf6 15.
Nf5 Bf8 16. h4 gxh4 17. Nxh4 Na5 18. g5 Qh8 19. f4 Bxd5 20. exd5 exf4 21. Qxf4
Rc8 22. O-O-O c4 23. Rhe1+ Be7 24. d6 Nc6 25. dxe7 cxd3 26. Rxd3 Qg8 27. Qd6
Qxg5+ 28. Kc2 Qxe7 29. Rxe7+ Nxe7 30. Qxd7+ Kf8 31. Rg3 Re8 32. c4 b5 33. cxb5
f5 34. Nxf5 Ng6 35. Qg7# 1-0

[Event "Challenge"]
[Site "http://www.queenalice.com/game.php?id=116537"]
[Date "2006.10.13"]
[Round "-"]
[White "pattmenezes"]
[Black "tania"]
[Result "0-1"]
[WhiteElo "1212"]
[BlackElo "1070"]

1. e4 e5 2. Bc4 Bd6 3. Qh5 g6 4. Qf3 Bb4 5. Bxf7+ Ke7 6. Bxg8 Qxg8 7. c3 Bc5 8.
b4 b5 9. Na3 Nc6 10. d3 Kd6 11. d4 exd4 12. e5+ Kxe5 13. cxd4+ Bxd4 14. Bf4+ Ke6
15. Bxc7 Ba6 16. Rd1 Rc8 17. Bf4 Nxb4 18. Rxd4 Rc1+ 19. Kd2 Rd1+ 20. Kxd1 Nxa2
21. Ne2 b4 22. Nb1 b3 23. Qe4+ Kf7 24. Rxd7+ Kf6 25. Rd6+ Kf7 26. Bh6 Bc8 27.
Qe7+ Kxe7 28. Rd5 Qxd5+ 29. Ke1 Qh5 30. Nbc3 Qxh6 31. Nd5+ Kf7 32. f4 Qh5 33.
Ng3 Qxd5 0-1

[Event ":)"]
[Site "http://www.queenalice.com/game.php?id=116926"]
[Date "2006.10.14"]
[Round "-"]
[White "pattmenezes"]
[Black "marcosbratz"]
[Result "0-1"]
[WhiteElo "1242"]
[BlackElo "1490"]

1. e4 e5 2. d3 Nc6 3. c4 Nd4 4. Nc3 Nf6 5. Nh3 Bb4 6. Bd2 O-O 7. a3 Bc5 8. Na4
Be7 9. Bg5 d6 10. Bxf6 Bxf6 11. Be2 Bd7 12. Bh5 Bxh3 13. gxh3 a6 14. Rg1 g6 15.
Bg4 Bh4 16. c5 d5 17. exd5 Qf6 18. Bd7 Nf3+ 19. Ke2 Nxg1+ 20. Qxg1 Rfd8 21. Bg4
Rxd5 22. Nc3 Rxc5 23. Ne4 Rc2+ 24. Kd1 Qc6 25. Nf6+ Bxf6 26. Ke1 h5 27. Bd1 Rxb2
28. Kf1 e4 29. dxe4 Rxf2+ 30. Qxf2 Bxa1 31. Bb3 Qb5+ 32. Kg2 Qxb3 33. e5 Bxe5
34. h4 f5 35. a4 Re8 36. a5 Qd5+ 0-1

[Event "bla!"]
[Site "http://www.queenalice.com/game.php?id=120208"]
[Date "2006.10.23"]
[Round "-"]
[White "pattmenezes"]
[Black "hardcore"]
[Result "0-1"]
[WhiteElo "1228"]
[BlackElo "1824"]

1. e4 c5 2. c4 d6 3. g4 Nf6 4. f3 e5 5. d3 a6 6. a4 Nc6 7. Bg5 h6 8. Be3 b6 9.
g5 hxg5 10. Bxg5 Rh5 11. Bxf6 Qxf6 12. Bh3 Bxh3 13. Ne2 Qxf3 14. Nc1 Qe3+ 15.
Ne2 Nd4 16. Nc3 Nf3# 0-1

[Event "AUTO-OPEN-427"]
[Site "http://www.queenalice.com/game.php?id=120288"]
[Date "2006.10.23"]
[Round "1"]
[White "pattmenezes"]
[Black "guivila"]
[Result "0-1"]
[WhiteElo "1242"]
[BlackElo "1518"]

1. e4 e6 2. Qg4 d5 3. exd5 exd5 4. Qd4 Nc6 5. Qa4 Bd7 6. Bb5 a6 7. Bxc6 Bxc6 8.
Qg4 Nf6 9. Qf3 Be7 10. d4 O-O 11. Nh3 Re8 12. Ng5 Bb4+ 13. Kf1 Re1# 0-1

[Event "AUTO-OPEN-427"]
[Site "http://www.queenalice.com/game.php?id=120289"]
[Date "2006.10.23"]
[Round "1"]
[White "guivila"]
[Black "pattmenezes"]
[Result "1-0"]
[WhiteElo "1534"]
[BlackElo "1236"]

1. e4 e5 2. Nf3 Nc6 3. Bc4 Nf6 4. Nc3 Bb4 5. d3 d6 6. Bd2 Bxc3 7. Bxc3 Ng4 8.
O-O a5 9. h3 Nf6 10. Re1 O-O 11. a3 Nh5 12. Nxe5 dxe5 13. Qxh5 g6 14. Qf3 Be6
15. Bxe6 fxe6 16. Qg3 b5 17. Bxe5 Nxe5 18. Qxe5 c5 19. Qxe6+ Kg7 20. Qe5+ Kh6
21. Qxc5 Rf4 22. Qxb5 Ra7 23. Qe5 Rf8 24. Qg3 g5 25. Qe3 a4 26. Qxa7 Qf6 27. Qe3
Rc8 28. h4 Kg7 29. Qxg5+ Qxg5 30. hxg5 1-0

[Event "AUTO-OPEN-427"]
[Site "http://www.queenalice.com/game.php?id=120290"]
[Date "2006.10.23"]
[Round "1"]
[White "pattmenezes"]
[Black "Gota"]
[Result "1-0"]
[WhiteElo "1226"]
[BlackElo "1081"]

1. e4 d5 2. exd5 Qxd5 3. Nc3 Qa5 4. Bc4 Qe5+ 5. Kf1 Nf6 6. Nf3 Qe4 7. a4 Qxc4+
8. Kg1 b5 9. axb5 e5 10. Nxe5 Bb7 11. Nxc4 Bc5 12. Ne5 O-O 13. Nd7 Nbxd7 14. Ra4
Ng4 15. Qxg4 f5 16. Qh3 f4 17. Nd5 Bxd5 18. Rd4 Bxd4 19. c3 Be5 20. d4 Bf6 21.
Bxf4 Be6 22. Qxe6+ Rf7 23. Qe4 Re7 24. Qf5 Rb8 25. Bxc7 1-0

[Event "AUTO-OPEN-427"]
[Site "http://www.queenalice.com/game.php?id=120291"]
[Date "2006.10.23"]
[Round "1"]
[White "Gota"]
[Black "pattmenezes"]
[Result "1-0"]
[WhiteElo "1046"]
[BlackElo "1236"]

1. e4 e5 2. Bc4 Nc6 3. Qf3 Nf6 4. Ne2 Nb4 5. Bd3 Nxd3+ 6. Qxd3 b5 7. O-O Nh5 8.
Qf3 Nf6 9. d4 exd4 10. e5 Nd5 11. Qxd5 c6 12. Qe4 h5 13. Nxd4 Qa5 14. Nc3 c5 15.
Qxa8 Kd8 16. Ndxb5 Ke7 17. Qxc8 a6 18. Bg5+ Ke6 19. Nc7+ Kxe5 20. Qe8+ Kd6 21.
Ne6 fxe6 22. Ne4+ Ke5 23. Rfe1 Qxe1+ 24. Rxe1 d5 25. Qg6 dxe4 26. Qxe4+ Kd6 27.
Qxe6+ 1-0

[Event "AUTO-OPEN-427"]
[Site "http://www.queenalice.com/game.php?id=120292"]
[Date "2006.10.23"]
[Round "1"]
[White "pattmenezes"]
[Black "Parma"]
[Result "0-1"]
[WhiteElo "1242"]
[BlackElo "1732"]

1. e4 c5 2. c4 e6 3. e5 d5 4. cxd5 Qxd5 5. Bb5+ Bd7 6. Bxd7+ Nxd7 7. Nc3 Qxg2 8.
Nb5 Qxh1 9. Nc7+ Kd8 10. Nxa8 Qxg1+ 11. Ke2 Qxd1+ 12. Kxd1 Nxe5 13. d3 Nxd3 14.
Bg5+ Be7 15. Bf4 Nxf4 16. Rc1 Kc8 17. Rc4 Nd5 18. Ra4 Kb8 19. Nb6 Nxb6 20. b4
Nxa4 0-1

[Event "AUTO-OPEN-427"]
[Site "http://www.queenalice.com/game.php?id=120293"]
[Date "2006.10.23"]
[Round "1"]
[White "Parma"]
[Black "pattmenezes"]
[Result "1-0"]
[WhiteElo "1732"]
[BlackElo "1242"]

1. d4 Nc6 2. c4 Nb4 3. a3 Na6 4. e4 Nf6 5. e5 Ne4 6. f3 Ng5 7. Bxg5 f6 8. exf6
exf6 9. Bh4 g5 10. Bg3 Bh6 11. Qe2+ Kf8 12. c5 d5 13. cxd6 cxd6 14. Nc3 Be6 15.
Qxe6 Kg7 16. Bxa6 bxa6 17. Qxd6 Qg8 18. Ne4 Rd8 19. Qxf6# 1-0

[Event "Challenge"]
[Site "http://www.queenalice.com/game.php?id=121348"]
[Date "2006.10.25"]
[Round "-"]
[White "pattmenezes"]
[Black "FrEdd"]
[Result "0-1"]
[WhiteElo "1236"]
[BlackElo "1392"]

1. e4 e5 2. f3 g6 3. c4 Nf6 4. g4 Bg7 5. g5 Ng8 6. a4 Ne7 7. b3 O-O 8. d3 d6 9.
h4 Nbc6 10. Ne2 Nd4 11. Nxd4 exd4 12. Bf4 c5 13. Na3 b6 14. Nb5 a6 15. Na3 f5
16. exf5 Nxf5 17. Bh3 Re8+ 18. Kd2 Qe7 19. Re1 Be5 20. Bxe5 dxe5 21. Rg1 Nxh4
22. Bxc8 Raxc8 23. Qe2 Rf8 24. Rh1 Nxf3+ 25. Kc1 Qxg5+ 26. Kc2 Rb8 27. Raf1 Rbe8
28. Rh3 Nh4 29. Rxf8+ Rxf8 30. b4 cxb4 31. Nb1 b5 32. axb5 axb5 33. c5 Rc8 34.
Rh1 Rxc5+ 35. Kb2 Ng2 36. Nd2 Ne3 37. Ne4 Rc2+ 38. Ka1 Qd8 39. Nf6+ Qxf6 40. Qh2
Qa6+ 41. Kb1 Qa2# 0-1

[Event ":p"]
[Site "http://www.queenalice.com/game.php?id=123800"]
[Date "2006.10.31"]
[Round "-"]
[White "Lord"]
[Black "pattmenezes"]
[Result "0-1"]
[WhiteElo "1274"]
[BlackElo "1207"]

1. e4 Nc6 2. c3 e5 3. g3 Nf6 4. Nf3 a5 5. Bh3 Nh5 6. g4 Nf4 7. Bf1 Nd3+ 8. Ke2
Nxc1+ 9. Qxc1 Bc5 10. Bh3 O-O 11. Na3 Bxa3 12. bxa3 a4 13. Ng5 Qxg5 14. Rb1 d6
15. Rb5 b6 16. Rxb6 cxb6 17. Qb2 Ba6+ 18. Kd1 Bc4 19. Qxb6 Rac8 20. Rf1 Bxf1 21.
Bxf1 Rb8 22. Qxc6 Rb1+ 23. Kc2 Rxf1 24. Qxd6 Re8 25. f4 Qxf4 26. Qd7 Rf8 27.
Qxa4 Qxg4 28. c4 Qxe4+ 29. Kb3 Rb1+ 30. Kc3 Rd8 31. d3 Qf3 32. Qa5 Rc8 33. Qa6
Ra8 34. Qd6 Qd1 35. Qc6 Rd8 36. Qc7 Rxd3# 0-1

[Event ";)"]
[Site "http://www.queenalice.com/game.php?id=124918"]
[Date "2006.11.3"]
[Round "-"]
[White "pattmenezes"]
[Black "marcosbratz"]
[Result "0-1"]
[WhiteElo "1232"]
[BlackElo "1522"]

1. e4 e5 2. c4 Nf6 3. f3 c6 4. a4 d5 5. exd5 cxd5 6. cxd5 Nxd5 7. Bb5+ Bd7 8.
Bxd7+ Qxd7 9. b3 Bc5 10. Ne2 O-O 11. Bb2 Nc6 12. Nec3 Ncb4 13. Ba3 Nd3+ 14. Ke2
N5f4+ 15. Kf1 Nf2 16. Ke1 Nxd1 17. Kxd1 Bxa3 18. Rxa3 Rad8 19. Kc2 Qd3+ 20. Kb2
Nxg2 21. Rg1 Qxf3 22. a5 Rc8 23. Ne4 Qxe4 24. Nc3 Qf3 25. Nb5 Nf4 26. Nxa7 Nd3+
27. Ka1 Rc2 28. Kb1 Rb2+ 29. Ka1 Rxd2 30. Nc8 Rxc8 31. Rc1 Rxc1# 0-1